| 000 | 01147nam a2200193 a 4500 | ||
|---|---|---|---|
| 008 | 120416s1977 ||||||||||||||||| || u | ||
| 050 | _aHD 31 Dru | ||
| 100 | _aDrucker, Peter F | ||
| 245 | 1 | 0 | _aPeople and performance: the best of Peter Drucker on management |
| 260 |
_aOxford: _bBH _c1977 |
||
| 300 | _axiii, 366p. | ||
| 350 | _a0.00 | ||
| 650 | 0 | _aMANAGEMENT | |
| 995 |
_D0.00 _FCBU-MAIN LIBRARY (Kitwe) _H2 _I19.00 _M2 _UDAMAGED _ZMain Library Open Access Collection |
||
| 995 |
_D0.00 _FCBU-MAIN LIBRARY (Kitwe) _H1 _I19.00 _M1 _UDAMAGED _ZMain Library Open Access Collection |
||
| 995 |
_D0.00 _FCBU-MAIN LIBRARY (Kitwe) _H3 _I19.00 _M3 _UAVAILABLE _ZAnnex Low-Usage Collection |
||
| 995 |
_D0.00 _FCBU-MAIN LIBRARY (Kitwe) _H1 _I0.00 _M5 _UDAMAGED _WNov 30, 2007 _ZMain Library Open Access Collection |
||
| 995 |
_D0.00 _FCBU-MAIN LIBRARY (Kitwe) _H4 _I19.00 _M4 _UAVAILABLE _ZMain Library Open Access Collection |
||
| 999 |
_c81780 _d81780 |
||